000 00500nam a2200181Ia 4500
005 20250326124411.0
008 250326s9999 xx 000 0 und d
037 _aTextbook
040 _aFMSL
_beng
_cFMSL
041 _aeng
_2eng
084 _aX:75 L1
_qFMSL
100 _adwani S C
_9737289
245 0 _aNew techniques of economic planning
_cdwani S C
260 _aNew Delhi
_bNew Delhi, Cosmopolitan
_c1971
300 _a105p
942 _cTB
_hX:75 L1
999 _c1273563
_d1273563